LEADER 02234nam a2200349 i 4500 001 000000215448 003 CaOOAMICUS 005 20221214143518.0 008 140320s1720 it u000 u lat u 026 $an*i- s-ri s.m. du(2 (3) 1720 (R) 040 $aSeMil$bita 100 0 $aGaudentius,$c.$0(OLS)http://semarc/name/90420 240 10$aSancti Gaudentii Brixiae episcopi Opera.$0(OLS)http://semarc/title/310162 245 10$aSancti Gaudentii Brixiae episcopi Sermones qui exstant nunc primum ad fidem mss. codd. recogniti, et emendati. Accesserunt Ramperti, et Adelmanni venerabilium Brixiae episcoporum opuscula. Recensuit, ac notis illustravit Paulus Galeardus .. 260 $aPatavii :$bExcudebat Josephus Cominus,$c1720$e(Patavii :$fExcudebat Josephus Cominus,$g1720) 300 $a[16], L, 330, [2] p., [1] carta di tav. :$bfront. calcogr. ;$c4. 500 $aFondo Bidoglio 500 $aMarca editoriale: Scavatore di anticaglie. Motto: Quidquid sub terra est in apricum proferet aetas. - Riferimenti : Annali della Tipografia Volpi-cominiana ... p. 145-146. - Marca n.c. 500 $aStemma edit. del Volpi sul colophon 500 $aA c. a3r: testatina calcog. con stemma del dedicatario Giovanni Francisco Barbadico, vescovo di Brescia incisa da F.M. Francia 500 $aIniz. calcogr. e xilogr. 500 $aSegn.: a8 b-g4 h2(-h2) A-2R4 2S6 700 1 $aAdelmannus .$0(OLS)http://semarc/name/90752 700 1 $aGagliardi, Paolo <1675-1742>.$0(OLS)http://semarc/name/13597 700 1 $aRampertus .$0(OLS)http://semarc/name/90751 850 $aSeMil 852 $aSeMil$W1$xVenegono$y1$m2C V 12 FA$j165868$B165868$CSeMilBibl$Z2$F176827 $8I 941 1 $a2 961 $aLascito: Bidoglio don Maurizio 996 $6245$aSancti Gaudentii Brixiae episcopi Sermones qui exstant nunc primum ad fidem mss. codd. recogniti, et emendati. Accesserunt Ramperti, et Adelmanni venerabilium Brixiae episcoporum opuscula. Recensuit, ac notis illustravit Paulus Galeardus ..$9(OLS)http://semarc/title/310161 996 $6260$aPatavii :$bExcudebat Josephus Cominus$9(OLS)http://semarc/publisher/36833 LEADER 01045nam a2200253 i 4500 001 000000063267 003 CaOOAMICUS 005 20230317140811.0 008 130927s1986 it u000 u ita u 040 $aSeMil$bita 100 1 $aBaldini, Massimo,$d<1947-2008>.$0(OLS)http://semarc/name/89118 245 13$aIl linguaggio dei mistici /$cMassimo Baldini. 260 $aBrescia :$bQueriniana,$c1986. 300 $a178 p. ;$c20 cm. 490 0 $aGiornale di teologia ;$v168 650 4$aMistici.$0(OLS)http://semarc/subject/3632 650 4$aMistica cristiana - Introduzioni.$0(OLS)http://semarc/subject/12395 650 4$aMistici - Linguaggio.$0(OLS)http://semarc/subject/12396 830 0$aGiornale di teologia ;$v168.$0(OLS)http://semarc/title/419620 850 $aSeMil 852 $aSeMil$W1$xVenegono$y1$m2XA G 168$j238680$B29420$CSeMilBibl$Z2$F29423 $81 996 $6245$aIl linguaggio dei mistici$9(OLS)http://semarc/title/99874 996 $6260$aBrescia :$bQueriniana$9(OLS)http://semarc/publisher/29615